Which is More Visited? - Statistics

General Stats
  • This quiz has been taken 26 times
  • The average score is 7 of 10
Answer Stats
Question Answer % Correct
Which is more visited? France
95%
Which is more visited? Spain
86%
Which is more visited? Russia
81%
Which is more visited? United Arab Emirates
81%
Which is more visited? Netherlands
71%
Which is more visited United Kingdom
71%
Which is more visited? United States
67%
Which is more visited Canada
62%
Which is more visited? Austria
52%
Which is most visited? Switzerland
29%
No matching quizzes found
Score Distribution
Percent of People with Each Score
Percentile by Number Answered
Your Score History
You have not taken this quiz